000 01264nam a2200337 a 4500
001 000109067
003 CHAP
005 20220329144036.0
008 140401s2013 mx a sm |||||||spa d
010 _a105529
011 _a106501
040 _cCHAP
090 _aTesis
100 1 _aLópez Castellanos, José Trinidad
_9126176
245 1 0 _aEfecto antihelmíntico in vitro de extractos vegetales en nematodos gastrointestinales de ovinos
_h[En línea]
_cpor José Trinidad López Castellanos.
260 _aChapingo, Méx. :
_bEl autor.,
_c2013.
500 _aPara ver el contenido del material haga clic en la liga
502 _aTesis (Ing. Agr. Esp. en Zonas Tropicales) -- UACH. Dirección de Centros Regionales
590 _aBATCH-UPD
_b05
_c20141002
_lUCH01
_h0859
590 _aE5652GLJ
_b05
_c20140401
_lUCH01
_h1308
590 _aE5652GLJ
_b05
_c20140401
_lUCH01
_h1309
590 _aE5652GLJ
_b05
_c20141029
_lUCH01
_h1307
650 1 4 _aAntihelmínticos.
_96059
650 1 4 _aExtractos vegetales
_xAnálisis.
_9126181
650 1 4 _aNemátodos parásitos de ovinos.
_980834
650 1 4 _aNemátodos
_xControl.
_9126180
856 _aFinding aid
_uhttp://10.13.5.2/tesis/sist109067.pdf
_zTeclea aquí
901 _aBK
942 _cTESIS
942 _n0
999 _c105529
_d105529